| 000 | 00608nam a2200181Ia 4500 | ||
|---|---|---|---|
| 003 | GCL | ||
| 008 | 140319s9999 xx 000 0 ara d | ||
| 040 |
_aGCL / _cGCL |
||
| 082 | 0 | 4 |
_a657 _bا ا |
| 100 | 1 | _aامين السيد احمد لطفى | |
| 245 | 1 | 0 |
_aاساليب المراجعة لمراقبى الحسابات و المحاسبة القانونية / _cامين السيد احمد لطفى |
| 260 |
_a[S.N] : _bدار النهضة العربية ، _c1992 |
||
| 300 | _a309 ص | ||
| 490 | _a | ||
| 650 | 0 | 4 | _aالمراجعة المالية |
| 650 | 0 | 4 | _aالمحاسبة |
| 942 |
_2ddc _cBK |
||
| 999 |
_c53831 _d53831 |
||